000 00816nas a2200265 4500
001 BR0802313
003 BR-BrBNA
005 20231205111944.0
007 ta
008 230509b bl.|||p| |||| 00| 00por d
040 _aBR-BrBNA
_bpor
_cBiblioteca Nacional de Agricultura
041 _a(Pt)
072 _aL20
100 1 _aThomazini, M.J.
100 1 _aThomazini, A.P. de B.W.
245 1 _aDiversidade de abelhas (Hymenoptera: Apoidea)em inflorescências de Piper hispidinervum (C.DC.)
650 _aABELHA
650 _aCOMPORTAMENTO ANIMAL
650 _aPOPULAÇÃO
650 _aECOLOGIA ANIMAL
650 _aPIMENTA
773 0 _tNeotropical Entomology (Brazil)
_xISSN 1519-566X
_g(Jan-Mar 2002), v. 31(1) p. 27-34
_wBR0802313
909 _a202311
_bLúcia
_c55
_dLúcia Elande
942 _2AGRIS
_n0
_cANA
999 _c195324
_d195324